02087nam a2200277Ia 4500003000400000005001700004008004100021020001800062040002100080041000800101082002400109100004000133245014000173250002200313260009900335300002900434490001600463500007500479504003800554505051600592520056901108650002501677650002501702700003601727700004601763OSt20210609124933.0210310s2007 ck gr 000 0dspa d a9789587018554 aCO-JMCRcCO-JMCR0 aspa04a333.71 /bG569e2231 aGómez Giraldo, Luis Jair, eautor13aLa economía ecológica : bbases fundamentales / cLuis Jair Gómez Giraldo, Elkin Vargas Pimiento, Luis Guillermo Posada Londoño aPrimera edición aBogotá : bUniversidad Nacional de Colombia : Instituto de Estudios Ambientales-IDEA, c2007 a141 páginas ; c21 cm.0 aIdeas ; v9 aIncluye notas a pie de página y datos biográficos de los autores.  aBibliografía: páginas 136-1410 aPlanteamiento general -- Necesidad de una economía ecológica -- Naturaleza de la economía convencional -- Naturaleza de la economía ambiental -- Antecedentes de la economía ecológica -- Conceptos de econosfera, ecosfera, biosfera, noosfera y sociosfera: definiciones y relaciones -- Elementos energéticos -- Elementos operativos de la econosfera: trabajo y termodinámica -- Determinantes de la economía ecológica -- La relación ecosfera-econosfera como soporte de la economía ecológica3 aCon la intención de incorporar la transdisciplinariedad necesaria en la comprensión y tratamiento de la temática ambiental, los profesores Gómez, Vargas y Posada han participado en exitosos experimentos docentes en los cursos de la Línea de Profundización sobre Economía y Medio Ambiente y de Contexto sobre Gestión Ambiental para las carreras de de la Universidad Nacional Sede Medellín y han trabajado conjuntamente asignaturas en sus maestrías de Gestión y Desarrollo Ambiental y de Economía de la Energía y de los Recursos Naturales.14aEconomía ambiental24aPolítica ambiental1 aVargas Pimiento, Elkin, eautor1 aPosada Londoño, Luis Guillermo, eautor